000 01597nam a2200265 4500
999 _c84237
_d321514
003 OSt
005 20221031093953.0
008 221030s2021 su ||||e |||| 00| 0 ara d
040 _aMa-Un
_cMa-Un
082 0 4 _a617.17
_221
_bم ع ع
100 1 _aالمطيري، عبد الله عبيد
_9109323
245 1 2 _aالعلاقة بين مقياس التقرير الذاتي واختبارات الأداء الوظيفي في الشخاص المصابين بالتواء الكاحل الجانبي =
_bThe Relationship between self-report outcome measures and functional performance tests in subjects with lateral ankle sprain /
_cعيد الله عبيد المطيري ؛ إشراف أحمد المنصور، محمد صيام.
246 0 3 _aThe Relationship between self-report outcome measures and functional performance tests in subjects with lateral ankle sprain
260 _aالمجمعة، السعودية :
_bجامعة المجمعة، كلية العلوم الطبية التطبيقية،
_c2021
_m1443.
300 _a79 ورقة ؛
_c30 سم.
502 _6بحث مكمل لرسالة الماجستير - جامعة المجمعة، كلية العلوم الطبية التطبيقية، 2021 م ، 1443 هـ.
504 _aيشتمل على قائمة ببليوجرافية.
650 7 _aالقدم
_xاصابات
_9109327
650 7 _aالمفاصل
_xاصابات
_9109328
650 7 _aJoints
_9109329
700 1 _aالمنصور، أحمد
_eمشرف.
_9109175
700 1 _aصيام، محمد
_eمشرف.
_9109216
942 _2ddc
_cTHESIS
362 _a2021